000 00466nam a2200193Ia 4500
005 20250923150004.0
008 008 250917s9999 xx 000 0 eng d
037 _aTextual
040 _aDSWL
_beng
_cDSWL
041 _aeng
_2eng
084 _qDSWL
245 0 _aResearch at grass roots
_c by Vos De
260 _aNew York
_b Macmillan
_c1998
300 _aviii,436 p.
365 _bGift
925 _gGift
942 _cTEXL
999 _c1458203
_d1458203